000 00565nam a2200205Ia 4500
005 20250923144359.0
008 008 250917s9999 xx 000 0 eng d
037 _aTextual
040 _aDSWL
_beng
_cDSWL
041 _aeng
_2eng
084 _aS8, H8
_qDSWL
100 _aBlackburn, Julian
_9824303
245 0 _aPsychology and the social pattern
_cby Julian Blackburn
260 _aLondon
_bKegan Paul
_c1948
300 _a151 p.
365 _aINR
_b10.6
925 _g10.6
942 _cTEXL
_hS8, H8
999 _c1438121
_d1438121